SPSS

Saved in:
Bibliographic Details
Other Authors: Nie, Norman H.
Format: Book
Language:English
Published: New York : McGraw-Hill, [1975]
Edition:2nd ed.
Subjects:
Tags: Add Tag
No Tags, Be the first to tag this record!

MARC

LEADER 00000cam a2200000 i 4500
001 1/75484
008 961004s1975 eng d
020 |a 0-07-046531-2 
035 |l 10003771 
040 |a GR-MY-UA  |b gre  |e aacr 
041 0 |a eng 
082 0 |a 004.1 
245 1 0 |a SPSS /  |c Norman H. Nie ... [κ.ά] 
246 3 3 |a Statistical package for the social sciences 
250 |a 2nd ed. 
260 |a New York :   |b McGraw-Hill,   |c [1975] 
300 |a xxiv, 675 σ.;  |b εικ.;  |c 28 εκ. 
500 |a 1st ed. by N. Nie, D. H. Bent, and C. H. Hull 
500 |a Statistical package for the social sciences 
504 |a Περιέχει βιβλιογραφικές παραπομπές 
650 0 0 |a Social sciences  |x Statistical methods  |x Computer programs. 
700 1 |a Nie, Norman H. 
852 |a INST  |b LESVOS  |e 19961004  |h 004.1 SPS  |p 005100009166  |q 005100009166  |t BK  |y 0 
909 |a Λ  |b 003928